LEADER 01080nam0-2200361---450- 001 990008472210403321 005 20070221180451.0 010 $a88-7078-982-9 035 $a000847221 035 $aFED01000847221 035 $a(Aleph)000847221FED01 035 $a000847221 100 $a20070221d2005----km-y0itay50------ba 101 0 $aita 102 $aIT 105 $a--------001cy 200 1 $aFare formazione$ei fondamenti della formazione e i nuovi traguardi$fGian Piero Quaglino 205 $a1. ed 210 $aMilano$cRaffaello Cortina$d2005 215 $axiii, 246 p.$cfig.$d23 cm 225 1 $aIndividuo gruppo organizzazione$iFormazione 320 $aContiene riferimenti bibl. (pp. 229-246) 610 0 $aEducazione degli adulti 610 0 $aFormazione professionale 676 $a374.013$v21$zita 700 1$aQuaglino,$bGian Piero$f<1949- >$0115557 801 0$aIT$bUNINA$gRICA$2UNIMARC 901 $aBK 912 $a990008472210403321 952 $a374.013 QUA 1$b3439$fBFS 959 $aBFS 996 $aFare formazione$9629976 997 $aUNINA LEADER 01408nam--2200445---450- 001 990000311640203316 005 20160912172218.0 010 $a88-348-0315-9 035 $a0031164 035 $aUSA010031164 035 $a(ALEPH)000031164USA01 035 $a0031164 100 $a20001211d2000----km-y0itay0103----ba 101 $ait 102 $aITA 105 $a||||||||001yy 200 1 $a<> pelle contesa$fAlberto Grandi 210 $aTorino$cG. Giappichelli Editore$d2000 215 $aXIV, 194 p.$d22 cm 225 2 $aUniversità degli Studi di Parma. Facoltà di Economia 410 $12001$aUniversità degli Studi di Parma. Facoltà di Economia 461 1$1001-------$12001 606 0 $aConcia$xIndustria$xStoria 676 $a338.4767520945 700 1$aGRANDI,$bAlberto$0542370 801 0$aIT$bsalbc$gISBD 912 $a990000311640203316 951 $a338.476 GRA 1 (IRA 18 86)$b8484/EC$cIRA 18$d00007078 959 $aBK 969 $aECO 979 $aPATTY$b90$c20001211$lUSA01$h1043 979 $aPATTY$b90$c20001211$lUSA01$h1757 979 $aPATTY$b90$c20001214$lUSA01$h1446 979 $aPATTY$b90$c20001214$lUSA01$h1446 979 $c20020403$lUSA01$h1639 979 $aPATRY$b90$c20040406$lUSA01$h1622 979 $aRSIAV1$b90$c20090105$lUSA01$h1308 979 $aANDRIA$b90$c20160912$lUSA01$h1722 996 $aPelle contesa$9879415 997 $aUNISA